Melbourne Tram Routes - City Circle - Statistics

General Stats
  • This quiz has been taken 2 times
  • The average score is 18 of 24
Answer Stats
Suburb Stop Answer % Correct
Melbourne City 0 Bourke St/Spring St
100%
Docklands D1 Docklands Stadium/La Trobe St
100%
Melbourne City 4 Elizabeth St/Flinders St
100%
Melbourne City 8 Exhibition St/La Trobe St
100%
Melbourne City 3 Flagstaff Station/La Trobe St
100%
Melbourne City 3 Market St/Flinders St
100%
Melbourne City 2 Melbourne Aquarium/Flinders St
100%
Melbourne City 5 Melbourne Central Station/La Trobe St
100%
Melbourne City 6 Melbourne Central Station/State Library Station/La Trobe St
100%
Melbourne City 6 Russell St/Flinders St
100%
Melbourne City 1 Spencer St/Flinders St
100%
Melbourne City 1 Spencer St/La Trobe St
100%
Melbourne City 8 Spring St/Flinders St
100%
Melbourne City 5 Swanston St/Flinders St
100%
Southbank D6 Victoria Police Centre/Flinders St
100%
Melbourne City 9 Victoria St/La Trobe St
100%
Fitzroy 10 Albert St/Nicholson St
50%
Docklands D10 NewQuay Prom/Docklands Dr
50%
Carlton 10 Nicholson St/Victoria Pde
50%
Docklands D11 Waterfront City/Docklands Dr
50%
Docklands D2 Central Pier/Harbour Esp
0%
Docklands D4 Docklands Park/Harbour Esp
0%
Docklands D5 South Wharf/Wurundjeri Way
0%
Docklands D3 Stadium Precinct/Bourke St/Harbour Esp
0%
No matching quizzes found
Score Distribution
Percent of People with Each Score
Percentile by Number Answered
Your Score History
You have not taken this quiz